MDQL
is popping MORE tags! Check the
thread
!
Quizzes
Events
Quiz Creation
Community
Videos
Private Events
Remove Ads
Sign In
Join for FREE
Feedback
Dark Mode
Quiz Categories
Sports
Geography
Music
Movies
Television
Just For Fun
Miscellaneous
History
Literature
Language
Science
Gaming
Entertainment
Religion
Holiday
For Kids
Quiz Lab
Recent
Popular Today
Quiz Kudos Today
Editor Picks
Curator Picks
Quizzes by...
Day
Popularity
Type
Ratings
Length
Year
Community
Subscriptions
Recent Discussions
Orange Saloon
Badges
Playlists
Quests
Create
Leaderboards
Showdown
Live 5
Trivia Bingo
Activity
Puzzle Library
Sporcle Events
Private Events
Virtual Trivia
Globe League
Become a Host
Pub Owners
SporcleCon
Opinionation
Our Games
Videos
Blog
Mobile Apps
Partnerships
Remove Ads and Go Orange
Feedback
Movies
Disney
Marvel Cinematic Universe
Movie Resume
Movie Titles
Oscar
Actor
Actress
Director
Pixar
Role
Movie Quotes
Movie Characters
Box Office
Nominee
Best Picture
Star Wars
James Bond
Horror Movies
Movies
Disney
Marvel Cinematic Universe
Movie Resume
Movie Titles
Oscar
Actor
Actress
Director
Pixar
Role
Movie Quotes
Movie Characters
Box Office
Nominee
Best Picture
Star Wars
James Bond
Horror Movies
Random Quiz
Search Sporcle
×
Quiz Lab
Quiz Lab
Movies
Actress
Type in answers that appear in a list
Type in answers that appear in a list
Classic
Best Score? Go Orange.
Living Oscar Winners Stats
Can you name the actors/actresses who have won an oscar and are currently alive?
By
pianoshootist
15m
140 Questions
1,867 Plays
1,867 Plays
1,867 Plays
Comments
Comments
Give Quiz Kudos
Give Quiz Kudos
-
- Ratings
hide this ad
More Info
Replay
Link that replays current quiz
Next Quiz
Link to next quiz in quiz playlist
You Got
0%
They Got
Avg Score
69%
Avg Friend Score
Upgrade to see
Score Distribution
Jump to the score distribution portion of the page
Score
0/140
Timer
15:00
0
Plays Today
Date of Birth
Actor
% Correct
1949.6.22
Meryl Streep
91.5%
1937.4.22
Jack Nicholson
89.3%
1937.8.8
Dustin Hoffman
87.1%
1943.8.17
Robert De Niro
87.1%
1940.4.25
Al Pacino
86.6%
1990.8.15
Jennifer Lawrence
86.1%
1937.6.1
Morgan Freeman
86%
1969.9.25
Catherine Zeta-Jones
85%
1960.8.17
Sean Penn
84.1%
1956.7.9
Tom Hanks
83.7%
1954.12.28
Denzel Washington
83.1%
1946.9.15
Tommy Lee Jones
82.8%
1975.10.5
Kate Winslet
82.6%
1957.4.29
Daniel Day-Lewis
82.5%
1945.4.2
Linda Hunt
81.6%
1967.10.28
Julia Roberts
81.6%
1963.6.15
Helen Hunt
81.3%
1934.3.31
Shirley Jones
80.8%
1934.12.9
Judi Dench
80.7%
1958.3.20
Holly Hunter
80.7%
1969.5.14
Cate Blanchett
80.7%
1934.12.28
Maggie Smith
80.2%
1962.11.19
Jodie Foster
80.1%
1967.6.20
Nicole Kidman
80%
1966.8.14
Halle Berry
79.8%
1937.12.21
Jane Fonda
79.3%
1964.4.7
Russell Crowe
79.1%
1974.7.30
Hilary Swank
78.6%
1972.9.27
Gwyneth Paltrow
78.4%
1961.5.6
George Clooney
78.1%
1930.1.30
Gene Hackman
77.9%
1946.10.4
Susan Sarandon
77.7%
1973.4.14
Adrien Brody
77.5%
1976.3.22
Reese Witherspoon
76.9%
1969.4.25
Renee Zellweger
76.6%
1964.7.26
Sandra Bullock
76.6%
1959.4.15
Emma Thompson
76%
1937.12.31
Anthony Hopkins
75.4%
1946.1.5
Diane Keaton
75.4%
1959.7.26
Kevin Spacey
75%
1961.7.15
Forest Whitaker
74.6%
1949.12.4
Jeff Bridges
74.6%
1944.9.25
Michael Douglas
74.5%
1933.3.14
Michael Caine
74.4%
1975.9.30
Marion Cotillard
74.2%
1951.7.6
Robin Williams
74.1%
1956.1.21
Geena Davis
74%
Date of Birth
Actor
% Correct
1975.8.7
Charlize Theron
74%
1967.12.13
Jamie Foxx
73.6%
1945.7.26
Helen Mirren
73.5%
1931.1.5
Robert Duvall
73.5%
1975.6.4
Angelia Jolie
73.3%
1946.5.20
Cher
73.3%
1974.4.28
Penelope Cruz
73.3%
1982.11.12
Anne Hathaway
73.1%
1950.3.20
William Hurt
73.1%
1969.3.1
Javier Bardem
72.6%
1934.4.24
Shirley Maclaine
72.5%
1963.11.5
Tatum O'Neal
72.3%
1943.12.31
Ben Kingsley
72.1%
1981.9.12
Jennifer Hudson
71.2%
1929.12.13
Christopher Plummer
71%
1936.5.9
Glenda Jackson
71%
1956.10.4
Christoph Waltz
71%
1981.6.9
Natalie Portman
71%
1958.10.16
Tim Robbins
70.8%
1938.12.29
Jon Voight
70.4%
1946.11.6
Sally Field
70.4%
1969.11.4
Matthew McConaughey
70.2%
1968.1.2
Cuba Gooding, Jr.
70%
1982.7.24
Anna Paquin
70%
1949.4.20
Jessica Lange
69.9%
1951.7.8
Geoffrey Rush
69.9%
1964.1.7
Nicholas Cage
69.9%
1960.9.10
Colin Firth
69.9%
1927.2.20
Sidney Poitier
69.3%
1949.12.25
Sissy Spacek
69.3%
1967.12.11
Mo'Nique
69.3%
1916.7.1
Olivia de Havilland
69.1%
1957.6.23
Frances McDormand
69.1%
1934.3.26
Alan Arkin
69.1%
1943.2.9
Joe Pesci
68.8%
1964.12.4
Marisa Tomei
68.7%
1974.1.30
Christian Bale
68.4%
1972.6.19
Jean Dujardin
68.2%
1948.6.28
Kathy Bates
68.1%
1970.12.12
Jennifer Connelly
68%
1955.11.13
Whoopi Goldberg
67.7%
1965.8.24
Marlee Matlin
67.7%
1972.5.25
Octavia Spencer
67.6%
1939.10.24
F. Murray Abraham
67.5%
1964.3.9
Juliette Binoche
67.2%
1948.9.19
Jeremy Irons
67.1%
1960.8.16
Timothy Hutton
66.8%
Date of Birth
Actor
% Correct
1935.10.1
Julie Andrews
66.8%
1967.9.28
Mira Sorvino
66.6%
1941.1.14
Faye Dunaway
66.4%
1971.12.26
Jared Leto
66.4%
1943.3.31
Christopher Walken
66.3%
1946.3.12
Liza Minnelli
65.7%
1932.12.7
Ellen Burstyn
65.5%
1960.11.5
Tilda Swinton
65.1%
1951.7.21
Chris Cooper
64.8%
1953.10.27
Roberto Benigni
63.6%
1942.4.24
Barbra Streisand
63.6%
1947.10.29
Richard Dreyfuss
63%
1948.3.28
Dianne Wiest
62.8%
1967.2.19
Benicio del Toro
62.7%
1937.1.30
Vanessa Redgrave
62.5%
1934.9.20
Sophia Loren
62.1%
1930.8.25
Sean Connery
61.9%
1960.9.14
Melissa Leo
61.9%
1970.3.7
Rachel Weisz
61.6%
1959.8.14
Marcia Gay Harden
61.3%
1953.12.8
Kim Basinger
61%
1983.3.1
Lupita Nyong'o
60.2%
1945.12.21
Goldie Hawn
60.2%
1934.7.22
Louise Fletcher
60%
1941.4.14
Julie Christie
59.9%
1951.7.9
Anjelica Huston
59.4%
1910.1.12
Luise Rainer
58.8%
1949.5.24
Jim Broadbent
58.7%
1948.2.28
Mercedes Ruehl
58.5%
1945.2.17
Brenda Fricker
58.4%
1947.10.24
Kevin Kline
55.7%
1936.5.27
Lou Gossett, Jr.
55.2%
1931.6.20
Olympia Dukakis
55.1%
1928.6.20
Martin Landau
53.4%
1932.4.11
Joel Grey
52.8%
1927.10.31
Lee Grant
52.5%
1930.2.27
Joanne Woodward
52.2%
1931.12.11
Rita Moreno
50.2%
1926.4.30
Cloris Leachman
49.1%
1946.12.14
Patty Duke
48.4%
1953.2.8
Mary Steenburgen
47.8%
1924.7.4
Eva Marie Saint
46.2%
1927.11.20
Estelle Parsons
44.9%
1934.9.16
George Chakiris
43%
1925.2.18
George Kennedy
41.7%
1925.1.30
Dorothy Malone
33.6%
Quiz Playlist
Details
Report
Send in Message
Add To Playlist
More Info:
updated 2014.3.2
Classic:
Type in answers that appear in a list
Last Updated: Feb 16, 2017
Quiz Scoreboard
CHALLENGE
Sign Up to Join the Scoreboard
Show All
Scores
Hide
Comments
May contain spoilers
Recently Published
1-10 Letter E Words III
by El_Dandy
Language
2m
Street Fighter Characters
by Artimus82
Gaming
60s
College Basketball Coaching Resumes
by pancakes188
Sports
9m
More to Explore
Quiz From the Vault
Featured Blog Post
Where Did the Easter Bunny Come From?
hide this ad
You Might Also Like...
Tags
Actor Quiz
Actress Quiz
Oscar Quiz
Alive
birth
date
Living
Winner
Won
Today's Top Quizzes in Movies
Browse Movies
hide this ad
Today's Top Quizzes in Actress
Browse Actress
Top Contributed Quizzes in Movies
1
Pick 5 Posters: Directed by Spielberg
2
7-to-1: Pixar Characters
3
Hidden Star Wars Character II
4
Hidden Star Wars Character III
5
Pick 5 Posters: Lowest-Rated Spielberg
6
Sorting Actresses
7
Sorting Actors
8
Hidden Star Wars Character IV
9
Hidden Star Wars Character V
10
Pick 5 Posters: Directed by Scorsese
Explore More
Trending Topics
Anime
Disney
NBA
Crossword
Harry Potter
Kpop
Marvel
Pokémon
NFL
Soccer
Country
Song
Puzzle
WWE
The Office
hide this ad
More By:
pianoshootist
Quiz
Plays
Rating
Category
Featured
Created
US Declarations of War
98,007
4.44
History
Sep 5, 2013
Shakespeare: Name Any Character
17,495
4.33
Literature
Oct 25, 2012
Every Big 4 Sports Team Ever (thru 2005)
11,672
4.56
Sports
May 18, 2011
Sports Offenders (Most Points Scored)
4,825
4.20
Sports
May 6, 2012
50 Los Angeles Lakers
4,067
4.11
Sports
Mar 13, 2011
Go to Creator's Profile
Score Distribution
Quiz Creator Spotlight
pianoshootist
Follow
Send a Message
Quizzes Created
-
Created Quiz Play Count
-
More By This Creator
Popular Quizzes Today
1
Find the US States - No Outlines Minefield
2
Find the Countries of Europe - No Outlines Minefield
3
The Countries of the World
4
Find the US States
5
Risky Map Clicking: Biggest States A-Z
6
US States
7
Popular People in 1961
8
Movies - When Are They Set?
More Movies Quizzes
Bespectacled Movie Characters
Published
Trending Quizzes
Risky Map Clicking: Least Populous States A-Z
1-10 Letter G Words
1-10 Letter F Words
Countries of the World: 200 Million BC
Risky Map Clicking: Next State Alphabetically
Recently Updated
Beyoncé Albums
pecheneg
Leaping Animals
pecheneg
Reality TV Shows (A-Z)
bhenderson79
Rickey Henderson's Hall of Fame Teammates
pecheneg
Champions League XIs: Arsenal
pecheneg
Quick Pick: Celebrities in WWE's Hall of Fame
aduchscher
A-Z Keypad Blitz II
pecheneg
Multiple Oscar Actors
pecheneg
Mystery Phrase Blitz: Oscar 'Best Actors'
pecheneg
F. Scott Fitzgerald Novels
LTH
Trending Topics
NBA
Harry Potter
Crossword
Disney
Kpop
Marvel
Anime
Soccer
Song
Puzzle
NFL
WWE
Country
Pokémon
The Office
Your Account Isn't Verified!
In order to create a playlist on Sporcle, you need to verify the email address you used during registration. Go to your
Sporcle Settings
to finish the process.
Report this User
Report this user for behavior that violates our
Community Guidelines
.
Details:
Send Report
Go to the Sporcle.com Mobile Site →
Comments